000 00766nam a2200205 i 4500
001 157292
003 ES-MaACL
005 20250817210108.0
008 040819s1863 fr |||| | fre d
080 _a930 Renan, Ernest. Vie de Jésus
080 _a27-312
100 1 _aLaurentie, Pierre-Sébastien.
_9128744
245 1 3 _aLe livre de M.E. Renan sur la vie de Jésus /
_cpar M. Laurentie.
260 _aParis :
_bE. Dentu,
_c1863 (
_fImp. de L. Tinterlin et Cie.)
300 _a39 p. ;
_c23 cm.
600 1 7 _aRenan, Ernest,
_d1823-1892.
_tVie de Jésus
_2
_9148408
600 0 4 _aJesucristo-
_xBiografías.
_9140032
852 4 _aES-MaACL
_jT-80-F-10
_z- Enc. hol., falto de cub. original
_z- Enc. en un vol. facticio
999 _c157292
_d157292